| 000 | 00863nam a2200277Ia 4500 | ||
|---|---|---|---|
| 001 | Z_363 | ||
| 003 | CHAP | ||
| 008 | 220113s1976 xx 000 0 und d | ||
| 010 | _a163339 | ||
| 040 | _cCHAP | ||
| 090 | _aTesis CH 331 | ||
| 100 |
_aChacón Martínez, Roberto _921703 |
||
| 245 |
_aCaracterísticas principales de la ganadería bovina lechera en el municipio de Acámbaro, Gto., encuesta censal / _cpor Roberto Chacón Martínez |
||
| 260 |
_aChapingo, Méx. : _bEl autor, _c1976 |
||
| 300 | _a104 h. | ||
| 502 | _aTesis (Ing. Agrónomo Esp. en Zootecnia) -- ENA. Departamento de Zootecnia | ||
| 650 |
_aGanadería _xGuanajuato _944742 |
||
| 650 |
_aGanado lechero _xGuanajuato _945268 |
||
| 650 |
_aGuanajuato _xGanadería _9137598 |
||
| 901 | _aTESIS CH 331 | ||
| 902 | _aM | ||
| 910 | _a1976 | ||
| 942 | _c2 | ||
| 942 | _c2 | ||
| 999 |
_c163339 _d163339 |
||